| 000 | 00500cam a2200193ua 4500 | ||
|---|---|---|---|
| 001 | 8207 | ||
| 005 | 20260515114315.0 | ||
| 008 | 150110n ii |||gr||||Z||||||hin | ||
| 040 | _cMAIN | ||
| 041 | _ahin | ||
| 082 | _a891.434 | ||
| 100 |
_aChaturvedi, J. P., _eAuthor. |
||
| 245 | 1 |
_aPatrakarita ke pariprekshya _cBy Jagdish Prasad Chaturvedi |
|
| 250 | _a1st. | ||
| 260 |
_aIlahabad: _bSahityasangam, _c1987. |
||
| 300 | _a262p. | ||
| 653 | _aEast Indo-European & Celtic literatures | ||
| 942 | _cBK | ||
| 999 |
_c7317 _d7317 |
||